| 000 | 00766aam a2200289 4500 | ||
|---|---|---|---|
| 005 | 20230628155606.0 | ||
| 008 | 150325b2001 xxu||||| |||| 00| 0 spa d | ||
| 041 | _aESP | ||
| 082 | _a005.133 A737m | ||
| 100 |
_aArmstrong - Smith, Michael _981771 |
||
| 100 |
_aArmstrong - Smith, Darlene _981772 |
||
| 245 | _aManual de oracle discoverer | ||
| 260 | _aEspaña | ||
| 260 | _bMcGraw-Hill | ||
| 260 | _c2001 | ||
| 300 | _a520 páginas | ||
| 650 |
_aLENGUAJES DE PROGRAMACIÓN _981773 |
||
| 650 |
_aORACLE DISCOVERER _981774 |
||
| 650 |
_aBASES DE DATOS _981775 |
||
| 650 |
_aINTERNET _981776 |
||
| 650 |
_aWORKBOOK _981777 |
||
| 650 |
_aCONSULTA _981778 |
||
| 650 |
_aGRÁFICOS _981779 |
||
| 650 |
_aINTERFAZ _981780 |
||
| 650 |
_aSQL _981781 |
||
| 942 | _cBK | ||
| 999 |
_c992 _d992 |
||